Swami Vivekananda: The essential collection (Record no. 395789)

MARC details
000 -LEADER
fixed length control field 00506 a2200193 4500
005 - DATE & TIME
control field 20260512163137.0
008 - FIXED-LENGTH DATA ELEMENTS--GENERAL INFORMATION
fixed length control field 260512b |||||||| |||| 00| 0 eng d
020 ## - ISBN
International Standard Book Number 9789389178784
Price Rs. 299.00
040 ## - CATALOGING SOURCE
Original cataloging agency VIVEKANANDA LIBRARY
082 ## - DDC NUMBER
Classification number 181.45
Book Number V837C
100 ## - MAIN ENTRY--PERSONAL NAME
Personal name Vivekananda Swami
245 ## - TITLE STATEMENT
Title Swami Vivekananda: The essential collection
260 ## - PUBLICATION, DISTRIBUTION, ETC. (IMPRINT)
Name of publisher, distributor, etc Fingerprint publishing
Place of publication, distribution, etc New Delhi
Date of publication, distribution, etc 2024
300 ## - PHYSICAL DESCRIPTION
Pages 432
650 ## - Subject
Subject Yoga
650 ## - Subject
Subject Indian Origin
650 ## - Subject
Subject Hindu Philosophy
942 ## - ADDED ENTRY ELEMENTS (KOHA)
Koha item type Books
Holdings
Withdrawn status Lost status Source of classification or shelving scheme Damaged status Not for loan Location (home branch) Sublocation or collection (holding branch) Shelving location Date acquired Koha issues (times borrowed) Koha full call number Accession No. Koha date last seen Copy number Koha item type
    Dewey Decimal Classification     VIVEKANANDA LIBRARY VIVEKANANDA LIBRARY Vivekananda Library 28/03/2026   181.45 V837C 450016 28/03/2026 450016-450018 Books
© Designed and Maintained by Vivekananda Library, MDU Rohtak